000 00732cam a2200229 04500
001 6047
090 _a6047
100 _a20211231d1986 m||y0pory5003 ba
200 1 _aCinderela
_fBruno de la Salle
_gil. Sylvie Chrétien
_gtrad. Maria Manuel Ortigão de Oliveira
210 9 _aPorto
_cLello & Irmão,
_dimp. 1986
215 _a27, [2] p.
_cmuito il.
_d25 cm
225 2 _aContos de sempre
606 _914
_aLiteratura infantil
606 _913
_aLiteratura Estrangeira
675 _a82-93
_vBN
_zpor
675 _a821.1/.8
_vBN
_zpor
700 _aLa Salle
_bBruno de
_95741
702 _aChretien
_bSylvie
_95746
702 _aOliveira
_bMaria Manuel Ortigão de
_95154
801 0 _aPT
_bBMVN
_gRPC
830 _cAna Caetano
_d31/12/2021
990 _cLIVROS